Jiddisches Hebräisches Alphabet - Statistiken

Allgemein
  • Dieses Quiz wurde 16 mal gespielt
  • Das Durchschnittsergebnis liegt bei 17 aus 41
Antwortstatistiken
Transliteration Laut YIVO % Korrekt
ב b b
91%
ד d d
91%
ג g g
82%
ה h h
73%
י j y
73%
ז s z
73%
ל l l
55%
מ m m
55%
נ n n
55%
ט t t
55%
ו u u
55%
אַ a a
45%
כ ch kh
45%
ר r r
45%
ש sch sh
45%
ע e e
36%
פֿ f f
36%
יִ i i
36%
ק k k
36%
ם m m
36%
אָ o o
36%
פּ p p
36%
זש sch zh
36%
ס ß s
36%
וּ u u
36%
צ z ts
36%
ך ch kh
27%
ף f f
27%
ן n n
27%
ױ oj oy
27%
װ w v
27%
ײַ aj ay
18%
ח ch kh
18%
ײ ej ey
18%
כּ k k
18%
שׂ ß s
18%
ת ß s
18%
תּ t t
18%
טש tsch tsh
18%
בֿ w v
18%
ץ z ts
18%
Keine übereinstimmenden Quizze gefunden
Verteilung der Resultate
Anzahl Personen mit jedem Resultat
Perzentil nach korrekt beantworteten Fragen
Ihre Resultats-Entwicklung
Sie haben dieses Quiz noch nicht gespielt